Devine le film, dessin animé, jeu vidéo, la série ou l'ouvrage #2 - Statistiques

Statistiques générales
  • Ce quiz a été pris 235 fois
  • Le résultat moyen est 11 sur 35
Statistiques - réponses
Hint Réponse % Correct
Ned Flanders, Milhouse Van Houten, Moe Szyslak Les Simpson
76%
Ladybug, Chat Noir, Tikki Miraculous
76%
Optimus Prime, Ironhide, Ratchet Transformers
72%
Gary l'escargot, Eugène Krabs, Sandy l'écureuil Bob l'éponge
71%
Lois Lane, Lex Luthor, Perry White Superman
70%
Christian Grey, Anastasia Steele, Kate Kavanagh Cinquante Nuances de Grey
68%
Mushu, Shang, Chien-Po Mulan
61%
Skyler White, Jesse Pinkman, Hank Schrader Breaking Bad
46%
Morpheus, l'agent Smith, l'Oracle Matrix
46%
Mary Ingalls, Harriet Oleson, Jonathan Garvey La Petite Maison dans la prairie
44%
Armin Arlert, Sasha Braus, Annie Leonhart L'Attaque des Titans
44%
Marc, Orchidée, Dr. Juiphe La Flamme
41%
Nathan Drake, Victor Sullivan, Elena Fisher Uncharted
41%
Phileas Fogg, Jean Passepartout, Fix Le Tour du monde en 80 jours
36%
Shaun Murphy, Aaron Glassman, Dr. Audrey Lim Good Doctor
32%
Adam Groff, Aimee Gibbs, Maeve Wiley Sex Education
31%
Sonic le Foudroyant, Bakuzan, Genos One-Punch Man
29%
Paul Edgecomb, Édouard Delacroix, John Caffey La Ligne verte
24%
Pénélope, Nausicaa, Calypso Odyssée
21%
Rhett Butler, Scarlett O'Hara, Mamma Autant en emporte le vent
19%
Chevalier noir, Banane, Jonesy Fortnite
19%
Cliff Booth, Sharon Tate, Charles Watson Once Upon a Time… in Hollywood
15%
Linda, Blu, Hector Rio
15%
Kate Austen, John Locke, Hugo Reyes Lost : Les Disparus
14%
Kyle Broflovski, Herbert Garrison, Butters Stotch South Park
14%
Andréa Martel, Camille Valentini, Mathias Barneville Dix pour cent
13%
Miranda Priestly, Andrea Sachs, Nigel Le Diable s'habille en Prada
13%
Philippe Abrams, Antoine Bailleul, Annabelle Deconninck Bienvenue chez les Ch'tis
11%
Meursault, Emmanuel, Céleste L'Etranger
11%
Rita Bennett, Debra Morgan, Maria LaGuerta Dexter
10%
Andy Dufresne, Samuel Norton, Red Les Évadés
9%
Rufus, Mme Médusa, Orville Les Aventures de Bernard et Bianca
7%
Keith Mars, Duncan Kane, Logan Echolls Veronica Mars
7%
Ulysse Mérou, Nova, Zira La Planète des singes
4%
Mathilda Lando, Norman Stansfield, Tony Léon
3%
Aucun quiz correspondant
Distribution des résultats
% des personnes avec chaque résultat
Percentile par nombre de réponses
Votre historique - résultats
Vous n’avez pas pris ce quiz